000 00757nam a22002537a 4500
001 2054
005 20231103114109.0
020 _a9780152051419
040 _aFISKH
_beng
_cFISKH
_dFISKH
050 _aPZ8.3
082 _a110
100 _aButler, Kristi T.
245 _aA big surprise /
_cGreen Light Readers For the reader who's ready to GO! Kristi T. Butler Illustrated by Pamela Paparone
260 _aNew York :
_bHarcourt,
_c2005
300 _c20 cm
_a21 unnumbered pages :
505 _aE
520 _aMouse is surprised when her friends throw her a birthday party.
521 _a300
_bLexile Estimate
521 _aE
_bRaz-Plus
650 _aParty
650 _aBirthday
700 _aPaparone, Pamela
_cIllustrator
942 _2ddc
_cBK
_n0
999 _c2054
_d2054